| 000 | 011580am a2200265 004500 | ||
|---|---|---|---|
| 003 | EG-GiCUC | ||
| 008 | 081004s1969 su ac g 000 0 ara d | ||
| 040 |
_aEG-GiCUC _bara _cEG-GiCUC |
||
| 043 | _aa-su--- | ||
| 092 | 0 | 4 |
_a633.202 _bO521 _221 |
| 099 |
_a04 _a633.202 O521 |
||
| 100 | 1 | _aاولرد : ب. و | |
| 245 | 1 | 2 |
_aالمراعى و ادارتها فى المملكة العربية السعودية / _cتأليف ب.و.اولرد ؛ ترجمة حسن حمزة حجره : هاشم عبد المطلب مختار |
| 260 |
_a[الرياض] : _bوزارة الزراعة و المياه : ادارة استثمار الاراضى : _c[1969] |
||
| 300 |
_a327ص : ايض : صور ؛ _c24سم |
||
| 650 | 7 |
_aالمراعى _xالجوانب الاقتصادية _2qrmak |
|
| 650 | 7 |
_aالمراعى _xتنظيم و ادارة _2qrmak |
|
| 651 | 7 |
_aالسعودية _x المراعى _2qrmak |
|
| 700 | 1 | _aحجره : حسن حمزة | |
| 700 | 1 | _aمختار : هاشم عبد المطلب | |
| 902 | _a1 | ||
| 905 |
_aعفاف _eمدخل |
||
| 942 |
_2ddc _cBK |
||
| 999 |
_c102500 _d102500 |
||